000 01014nam a2200193 a 4500
008 150327s1977 ||||||||||||||||| || u
050 _aGOV.ZAM(02)1977/3A
110 _aGovernment of the Republic of Zambia. Office of the Prime Minister
245 1 0 _aFinal report of the Zambia managerial manpower and training needs survey of the private and parastatal sectors
_cprepared by the Management Development and Advisory Service...
260 _aLusaka:
_bZambia. Government Printers
_c1977
300 _axviii, 376p : ill
350 _a0.00
650 _aMANPOWER DEVELOPMENT--DEVELOPING COUNTRIES
650 _aZAMBIA
650 _aMANPOWER PLANNING--ZAMBIA
650 _aMANPOWER DEVELOPMENT--ZAMBIA
995 _aSPECIAL COLLECTIONS
_e03003191
_FCBU-MAIN LIBRARY (Kitwe)
_I0.00
_jGOV.ZAM(02)1977/3A
_M1
_UAVAILABLE
_WApr 13, 2015
_y03003191
_ZZambiana Collection
995 _aSPECIAL COLLECTIONS
_e03003192
_FCBU-MAIN LIBRARY (Kitwe)
_I0.00
_jGOV.ZAM(02)1977/3B
_M2
_UAVAILABLE
_WApr 10, 2015
_y03003192
_ZZambiana Collection
999 _c63031
_d63031